000 00513nam a22001457a 4500
005 20251125110528.0
008 251125b |||||||| |||| 00| 0 eng d
020 _a978-81-8038-877-4
100 _aWIDDICOMBE, KAREN
245 _aTHW ALL ENGLAND LAW REPORTS 2009
260 _aLONDON
_bLEXISNEXIS
_c2009
300 _aXX, 1144P.
650 _a1. LAW REPORTS, DIGESTS, ETC - ENGLAND AND WALES 2. LAW - ENGLAND AND WALES - CASES 3. COURTS - ENGLAND AND WALES 4. COMMON LAW - ENGLAND AND WALES
942 _2lcc
_cREF
999 _c216278
_d216278